Metodika kontroly a kalibrácie špeciálnych meradiel a etalónov v ZVS holding, a.s., Dubnica nad Váhom

Salvato in:
Dettagli Bibliografici
Autore principale: Házová, Ivana (Autore)
Altri autori: Palenčár, Rudolf (Relatore della tesi)
Natura: Manoscritto Libro
Lingua:slovacco
Pubblicazione: 2016
Soggetti:
Accesso online:http://is.stuba.sk/zp/portal_zp.pl?podrobnosti=133595
Tags: Aggiungi Tag
Nessun Tag, puoi essere il primo ad aggiungerne!!

MARC

LEADER 00000ntm a22000003a 4500
001 stuzp58420
003 SK-STU
005 20160719155547.5
007 ta
008 150427s2015----xo-----f-mn---000-0-slo-d
040 |a STU  |b slo 
041 0 |a slo 
100 1 |a Házová, Ivana  |u 020020  |k Z4  |4 aut  |U SjF Strojnícka fakulta  |T SjF Ústav automatizácie, merania a aplikovanej informatiky  |X 45754  |U J0020  |Y 802  |7 A000045754 
242 0 1 |a Methodology of inspection and calibration of special measuring equipment and measurement standards in ZVS holding , Inc. , Dubnica nad Vahom  |y eng 
245 1 0 |a Metodika kontroly a kalibrácie špeciálnych meradiel a etalónov v ZVS holding, a.s., Dubnica nad Váhom 
260 |c 2016 
650 4 |a kalibrácia  |2 slo 
650 4 |a zhoda  |2 slo 
650 4 |a nezhoda  |2 slo 
650 4 |a kontrola  |2 slo 
650 4 |a neistota  |2 slo 
650 4 |a calibration  |2 eng 
650 4 |a conformity  |2 eng 
650 4 |a nonconformity  |2 eng 
650 4 |a inspection  |2 eng 
650 4 |a uncertainty  |2 eng 
700 1 |a Palenčár, Rudolf  |u 020020  |k Z1  |4 ths  |U SjF Strojnícka fakulta  |T SjF Ústav automatizácie, merania a aplikovanej informatiky  |X 2375  |U J0020  |Y 802  |7 A000002375 
856 4 |u http://is.stuba.sk/zp/portal_zp.pl?podrobnosti=133595 
996 |b 284J044112  |c J* 2402/DP  |l JJSK  |s A  |a 24  |w stuzp58420_0001 
SQL |a stuzp58420  |b DDP  |c SLO  |d Metodika kontroly a kalibrácie špeciálnych meradiel a etalónov v ZVS holding, a.s., Dubnica nad Váhom  |e 45754  |f Házová, Ivana  |g 020020  |h 2375  |i Palenčár, Rudolf  |j 20160615  |k 648  |l 02  |m http://is.stuba.sk/zp/portal_zp.pl?podrobnosti=133595  |n I-MESK  |o 5.2.53. meranie